000 00426nam a2200145Ia 4500
008 230926s9999 xx 000 0 und d
020 _a812190501X
041 _aeng
082 _a621.815/KHU/
100 _aKhurmi, R. S. & Gupta, J. K.
_9184777
245 _aA Text book of Machine Design
260 _bS. chand company Pvt. Ltd., New Delhi
_c1996
300 _a921P.
500 _aDoneted by Mr. Tarun Shrivastava, Nagpur
999 _c356228
_d356228